Computer methods for solving dynamic separation problems (Record no. 7418)

000 -LEADER
fixed length control field 00666nam a2200229 a 4500
001 - CONTROL NUMBER
control field 7418
003 - CONTROL NUMBER IDENTIFIER
control field BD-DhUET
008 - FIXED-LENGTH DATA ELEMENTS--GENERAL INFORMATION
fixed length control field 820722s1983 nyua b 001 0 eng
020 ## - INTERNATIONAL STANDARD BOOK NUMBER
International Standard Book Number 0070295735
040 ## - CATALOGING SOURCE
Original cataloging agency DLC
Transcribing agency DLC
Modifying agency BD-DhUET
082 00 - DEWEY DECIMAL CLASSIFICATION NUMBER
Classification number 660.2842015194
Item number HOL/1983
100 ## - MAIN ENTRY--PERSONAL NAME
Personal name Holland, Charles D.
245 10 - TITLE STATEMENT
Title Computer methods for solving dynamic separation problems
250 ## - EDITION STATEMENT
Edition statement 1st ed.
260 ## - PUBLICATION, DISTRIBUTION, ETC. (IMPRINT)
Place of publication, distribution, etc. New York
Name of publisher, distributor, etc. McGraw-Hill
Date of publication, distribution, etc. 1983
300 ## - PHYSICAL DESCRIPTION
Extent xvi, 475p.
Other physical details ill.
Dimensions 25 cm.
490 ## - SERIES STATEMENT
Series statement McGraw-Hill chemical engineering series
504 ## - BIBLIOGRAPHY, ETC. NOTE
Bibliography, etc Includes bibliographies
650 #0 - SUBJECT ADDED ENTRY--TOPICAL TERM
Topical term or geographic name as entry element Seperation data processing
700 1# - ADDED ENTRY--PERSONAL NAME
Personal name Liapis, Athanasios I.
942 ## - ADDED ENTRY ELEMENTS (KOHA)
Koha item type General Book
Holdings
Koha item type Shelving location Koha issues (times borrowed) Koha normalized classification for sorting Date acquired Location (home branch) Piece designation (barcode) Not for loan Koha date last borrowed Source of classification or shelving scheme Koha full call number Price effective from Sublocation or collection (holding branch) Lost status Withdrawn status Damaged status Copy number Koha date last seen
General BookCirculation section 660_284201519400000_HOL_19832014-12-09Central Library, BUET71709   660.2842015194/HOL/19832014-12-09Central Library, BUET   12014-12-09
General BookCirculation section 660_284201519400000_HOL_19832014-12-09Central Library, BUET 76513   660.2842015194/HOL/19832014-12-09Central Library, BUET   22014-12-09
General BookCirculation section 660_284201519400000_HOL_19832014-12-09Central Library, BUET76514   660.2842015194/HOL/19832014-12-09Central Library, BUET   32014-12-09
General BookCirculation section1660_284201519400000_HOL_19832014-12-09Central Library, BUET76886 2017-05-09 660.2842015194/HOL/19832014-12-09Central Library, BUET   42017-05-09
General BookCirculation section 660_284201519400000_HOL_19832014-12-09Central Library, BUET76887   660.2842015194/HOL/19832014-12-09Central Library, BUET   52014-12-09